000 00387nam a22001457a 4500
003 PILC
005 20151006075518.0
008 151006b xxu||||| |||| 00| 0 eng d
020 _a9789351155119
050 _aTK 5105
_b.W364 2015
245 _aWeb technology /
260 _b3G elearning,
_c2015.
300 _av, 274 pages :
_billustrations ;
_c24 cm. +
_e1 DVD.
942 _2lcc
_cBK
_kFOR
999 _c288813
_d288813